000 00601nam a2200229Ia 4500
003 OSt
005 20220928111220.0
006 a|||||r|||| 00| 0
007 ta
008 220927b |||||||| |||| 00| 0 eng d
024 _a40353
037 _cReference Collections
040 _aSDCL
_cSDCL
_beng
041 _2eng
_aeng
082 _aY15k1, N73, N7 RR
245 0 _aWORLD WHO'S who of women.
250 _a14
260 _aEngland
_bMelrose Press
_c1997
300 _a689p
_ccm.
942 _hY15k1, N73, N7 RR
_cREF
_2CC
999 _c739117
_d739117